000 01055nam a2200337 b 4500
001
003 DO-SdBNP
005 20180125095244.0
008 990323s 2009 sp | ||| ||spa
016 7 _a
_2BPMSU
017 _a
_b
020 _a8489384177
040 _aBPMSU
_bspa
_cBPMSU
_e
041 1 _aspa
_h
080 0 _a
092 _axxxxx
_bxxxxx
100 1 _aColomer, Teresa,
_d1951-
240 1 3 _aLa formació del lector literari
_lEspañol
245 1 3 _aLa formación del lector literario :
_bnarrativa infantil y juvenil actual /
_cversión en castellano, Teresa Colomer.
_h
250 _a2a. ed.
260 _aMadrid :
_bFundación Germán Sánchez Ruipérez,
_c2008.
300 _a367 p. ;
_c23 cm
490 1 _aEl árbol de la memoria
500 _aIncluye índice analítico
504 _aBibliografía : p. 340-359
650 7 _aLiteratura infantil
_xHistoria y crítica
_2
830 0 _aEl árbol de la memoria
942 _2ddc
_cBK
945 _aInventariado, 2018 /LP
956 _aVMATEO
_b20170113
_210
_6BPMSU
999 _c12444
_d12444